000 00593cam a22002171a 4500
001 sa 68013544
003 DLC
005 20260227112622.0
008 950322s1966 io 000 1 jav
010 _asa 68013544
025 _aPL480:Indo-4869
035 _a(OCoLC)32187101
040 _aDLC
_cWU
_dDLC
042 _apremarc
050 0 0 _aPL5179.S84
_bA9
100 0 _aSudharma K. D.,
_d1934-
245 1 0 _aAsmara ing taman paradiso /
_ckarjané Sudharma K.D.; gambar Jono S. Wijono.
250 _aTjaptjapan 1.
260 _a[Sala] :
_bP. Kondang,
_c1966.
300 _a40 p. ;
_c15 cm.
999 _c85165
_d85165